000 00668nas a2200241 4500
001 BR7601092
003 BR-BrBNA
005 20231205082924.0
007 ta
008 230509b bl.|||p| |||| 00| 00por d
040 _aBR-BrBNA
_bpor
_cBiblioteca Nacional de Agricultura
041 _a(Pt)
072 _aF27; F28
100 1 _aDias, O.J.
245 1 _aTerraceamento com arado reversivel construcao e conservacao
650 _aARADO
650 _aCUSTO
650 _aARADURA
650 _aTERRACO
773 0 _tRevista dos Criadores (Brazil)
_x
_g(Sep 1975), v. 45(548) p. 38-39
_wBR7601092
909 _a202311
_bLúcia
_c55
_dLúcia Elande
942 _2AGRIS
_n0
_cANA
999 _c95129
_d95129